000 00286nam a2200121Ia 4500
008 211105s9999 xx 000 0 und d
020 _aVYASA15628
100 _aRajeswara Sarma S.
245 0 _aVedic Mythology Vol-Ii
250 _a\N
260 _bMotilal banarsidass
_c\N
300 _a484p.
999 _c392
_d392